01004nam a2200265 a 450000100060000000300080000600500170001400800410003103500190007204000260009104100080011708200250012510000390015024500520018926000750024130000270031649000420034350400360038560000390042165000460046083000500050694200120055699900170056895201530058561302BD-RjUL20211209080938.0170117s1952 nz a 001 0beng d a(BD-RjUL)61426 aBD-RjULbengcBD-RjUL aeng 223a370.92bROG 19521 aRoth, Herbert Otto,d1917-918283010aGeorge Hogben :ba biography /cby Herbert Roth aWellington, N.Z :bNew Zealand Council for Educational Research,c1952 a162 p :bill. ;c23 cm1 aEducational research series ;vno. 33 aIncludes bibliography and index10aHogben, George,d1853-19209182834 0aEducatorszNew ZealandxBiography9182832 0aEducational research series ;vno. 339182835 2ddccBK c61302d61302 00102ddc40718NFICaRUCLbRUCLcReadingd1957-11-27eOxford University Pressg15.06l0o370.92 ROG 1952r2017-01-17 00:00:00tC-1w2017-01-17yBK